| 000 | 01041nam0a22002771 4500 | ||
|---|---|---|---|
| 001 | rc\4050667 | ||
| 005 | 20250611071740.0 | ||
| 021 |
_aRU _b[54-4453] |
||
| 035 | _a(NLR Aleph) 008105591 | ||
| 090 |
_a9271414 _c9271414 |
||
| 100 | _a20130415d1954 |||y0rusy50 ca | ||
| 101 | 0 | _arus | |
| 102 | _aRU | ||
| 105 | _aa z ||||| | ||
| 200 | 1 |
_aНовогодний подарок Деда Мороза детям _e(Викторины, задачи, головоломки, игры и затеи) _fСост. А.Б. Лоев _gЛенингр. дворец пионеров им. А.А. Жданова |
|
| 210 |
_aЛенинград _cБ. и. _d1954 |
||
| 215 |
_a[32] с. _cил. _d13 |
||
| 225 | 1 | _aИгротека | |
| 300 | _aНа обл. сост. не указан | ||
| 606 |
_aДетские игры и развлечения _2psbo |
||
| 700 | 1 |
_aЛоев _bА.Б. _gАлександр Борисович _4220 |
|
| 801 | 0 |
_aRU _bNLR _gpsbo |
|
| 801 | 1 |
_aRU _bELAR _2rusmarc |
|
| 852 |
_aNLR _jДл02 Г-2/879 |
||
| 942 | _cBOOK | ||
| 980 | _aNB | ||